[Event "Indywidualne Mistrzostwa Polski Juniorow do lat 18 - Chlopcy"]
[Site "Szklarska Poreba"]
[Date "1899-12-30"]
[Round "5.13"]
[White "Dzwierzynski, Bartosz"]
[Black "Jordan, Adam"]
[Result "1/2-1/2"]
[WhiteTitle "I"]
[BlackTitle "I"]
[WhiteElo "1942"]
[BlackElo "1842"]

1. d4 Nf6 2. c4 e6 3. Nc3 d5 4. cxd5 exd5 5. Bg5 Be7 6. Qc2 O-O 7. e3 c6 8. Bd3
Nbd7 9. Nf3 h6 10. Bh4 Re8 11. O-O Ne4 12. Bxe7 Qxe7 13. Bxe4 dxe4 14. Nd2 Nf6
15. Rab1 Bf5 16. b4 Nd5 17. Qb3 Be6 18. Nxd5 Bxd5 19. Qc2 Rac8 20. a4 h5 21. Qc5
h4 22. Qxe7 Rxe7 23. Rfc1 Rec7 24. Rc3 f6 25. Rbc1 g5 26. Rc5 Kg7 27. f3 f5 28.
fxe4 fxe4 29. R5c3 Kg6 30. Nc4 Kg7 31. Ne5 b6 32. g3 hxg3 33. hxg3 Kf6 34. Rf1+
Ke6 35. Ng4 Rf7 36. Rxf7 Kxf7 37. Rc1 Ke7 38. Rf1 Rf8 39. Rxf8 Kxf8 40. Nf6 Ke7
41. Nxd5+ 1/2-1/2

[Event "Indywidualne Mistrzostwa Polski Juniorow do lat 18 - Chlopcy"]
[Site "Szklarska Poreba"]
[Date "1899-12-30"]
[Round "5.14"]
[White "Sernecki, Franciszek"]
[Black "Paliwoda, Borys"]
[Result "1-0"]
[WhiteTitle "I++"]
[BlackTitle "I+"]
[WhiteElo "2334"]
[BlackElo "1974"]

1. e4 c5 2. Nf3 e6 3. Nc3 a6 4. d4 cxd4 5. Nxd4 Qc7 6. g3 b5 7. Bg2 Bb7 8. O-O
d6 9. Re1 Nd7 10. a4 bxa4 11. Nd5 Qd8 12. Rxa4 Be7 13. Rb4 Rb8 14. Nxe7 Nxe7 15.
Nb3 Ne5 16. Rd4 Nc8 17. Bf4 Qc7 18. Re3 O-O 19. Rc3 Qe7 20. Na5 Ba8 21. b3 Re8
22. Bxe5 dxe5 23. Rd7 Qf8 24. Rcc7 Re7 25. Rd8 Re8 26. Rdd7 Re7 27. Nc4 f6 28.
Rd8 Re8 29. Rdd7 Re7 30. Rxe7 Nxe7 31. Qd7 Ng6 32. Qxe6+ Kh8 33. Nd6 h6 34. Bh3
Qg8 35. Nf7+ Kh7 36. Bf5 1-0

[Event "Indywidualne Mistrzostwa Polski Juniorow do lat 18 - Chlopcy"]
[Site "Szklarska Poreba"]
[Date "1899-12-30"]
[Round "5.15"]
[White "Wyczling, Bartosz"]
[Black "Kaminski, Maciej"]
[Result "1-0"]
[WhiteTitle "k"]
[BlackTitle "I++"]
[WhiteElo "2215"]
[BlackElo "1796"]

1. d4 Nf6 2. c4 e6 3. Nc3 Bb4 4. Qc2 d5 5. cxd5 Qxd5 6. Nf3 Qf5 7. Qb3 Nc6 8. Bd2
O-O 9. e3 Bd6 10. Be2 Ne4 11. g4 Nxd2 12. Nxd2 Qg5 13. Nde4 Qe7 14. g5 b6 15.
a3 Bb7 16. Rg1 Rfd8 17. Qc2 g6 18. Rg4 h5 19. Rh4 Kg7 20. Nf6 Rh8 21. O-O-O Nb8
22. e4 c5 23. e5 Bc7 24. Nb5 Na6 25. Kb1 cxd4 26. Rhxd4 Rhd8 27. Rd7 Qc5 28. Qxc5
Nxc5 29. Rxc7 Ba6 30. Rxd8 Rxd8 31. Nd6 Rf8 32. Bxa6 Nxa6 33. Rxa7 Nc5 34. Kc2
b5 35. b4 Na4 36. Nde8+ Kh8 37. Rxa4 bxa4 38. b5 1-0

[Event "Indywidualne Mistrzostwa Polski Juniorow do lat 18 - Chlopcy"]
[Site "Szklarska Poreba"]
[Date "1899-12-30"]
[Round "5.16"]
[White "Galuszka, Tomasz"]
[Black "Lis, Mateusz"]
[Result "1/2-1/2"]
[WhiteTitle "I++"]
[BlackTitle "k"]
[WhiteElo "2016"]
[BlackElo "2156"]

1. e4 c5 2. Nf3 e6 3. d4 cxd4 4. Nxd4 Nc6 5. Nc3 Qc7 6. Be3 a6 7. Be2 Nf6 8. O-O
Be7 9. f4 d6 10. Qe1 O-O 11. Qg3 Nxd4 12. Bxd4 b5 13. a3 Bb7 14. Kh1 Rad8 15.
Rae1 Qd7 16. Bd3 Bc6 17. Re3 g6 18. Qh3 e5 19. fxe5 dxe5 20. Bb6 Rb8 21. Qxd7
Nxd7 22. Ba5 Nb6 23. Bxb6 Rxb6 24. Nd5 Bxd5 25. exd5 f6 26. g4 Rd8 27. Be4 Rc8
28. Kg2 Kg7 29. c3 a5 30. Ra1 Rc4 31. h3 Bc5 32. Re2 Bd6 33. Bd3 Rc5 34. Be4 Rc7
35. Bd3 Rf7 36. a4 b4 37. Bb5 Rc7 38. Rc1 f5 39. c4 e4 40. Rf1 Rf7 41. Be8 Re7
42. Bc6 f4 43. Kh1 f3 44. Ree1 Rb8 45. c5 Bxc5 46. d6 Bxd6 47. Rxe4 Rc7 48. Rc4
Rbc8 49. Rfc1 Rf8 50. b3 Re7 51. Re4 Rxe4 52. Bxe4 Re8 53. Rc4 Bb8 54. Kg1 Rf8
55. Kf2 Ba7+ 56. Kf1 Be3 57. Rc7+ Kh8 58. Bb7 Rf4 59. Re7 Bd4 1/2-1/2

[Event "Indywidualne Mistrzostwa Polski Juniorow do lat 18 - Chlopcy"]
[Site "Szklarska Poreba"]
[Date "1899-12-30"]
[Round "5.17"]
[White "Ochowicz, Jakub"]
[Black "Garbowski, Jakub"]
[Result "0-1"]
[WhiteTitle "I++"]
[BlackTitle "k"]
[WhiteElo "1988"]
[BlackElo "2151"]

1. e4 c5 2. Nf3 Nc6 3. d4 cxd4 4. Nxd4 Qb6 5. Nb5 a6 6. Be3 Qa5+ 7. Bd2 Qd8 8.
N5c3 e6 9. Bd3 Nf6 10. O-O Be7 11. Ne2 O-O 12. Nbc3 b5 13. a4 b4 14. Na2 d5 15.
Ng3 Bb7 16. Qe1 Qb6 17. Nc1 Rfd8 18. Nb3 dxe4 19. Nxe4 Ne5 20. Nxf6+ Bxf6 21.
Be4 Nc4 22. Bxb7 Qxb7 23. Bxb4 Bxb2 24. Rb1 Bf6 25. Bc3 Bxc3 26. Qxc3 Qd5 27.
h3 Rdc8 28. Rfd1 Qg5 29. Nd4 Qe5 30. Qf3 Qf6 31. Qxf6 gxf6 32. Rb7 Rd8 33. Rd3
Ne5 34. Rg3+ Kf8 35. Nb3 Rdc8 36. Nd2 f5 37. c3 Rab8 38. Ra7 Rb2 39. Nf3 f4 40.
Rg5 Nxf3+ 41. gxf3 Rxc3 42. h4 Rxf3 43. h5 h6 44. Rc5 Rbxf2 45. Rcc7 Rf1+ 46.
Kg2 R3f2+ 47. Kh3 Rh1+ 0-1

[Event "Indywidualne Mistrzostwa Polski Juniorow do lat 18 - Chlopcy"]
[Site "Szklarska Poreba"]
[Date "1899-12-30"]
[Round "5.19"]
[White "Posluszny, Tomasz"]
[Black "Hrymowicz, Artur"]
[Result "0-1"]
[WhiteTitle "I+"]
[BlackTitle "I++"]
[WhiteElo "1906"]
[BlackElo "1991"]

1. d4 Nf6 2. c4 b6 3. f3 e6 4. e4 Bb4+ 5. Nc3 c5 6. d5 O-O 7. Be3 d6 8. Nge2 exd5
9. cxd5 b5 10. a3 Ba5 11. Nf4 a6 12. Rb1 Nbd7 13. Nd3 Bb6 14. Qd2 Re8 15. Be2
c4 16. Nb4 Nc5 17. Nc6 Qc7 18. Nd4 Nfd7 19. O-O Ne5 20. g4 Qa7 21. Nd1 Bd7 22.
Kg2 Ncd3 23. Nc2 a5 24. Kg3 Nc5 25. Nd4 Nxg4 26. Nxb5 Bxb5 27. Kxg4 f5+ 28. Kxf5
Qf7+ 29. Kg4 Nb3 30. Qc3 Qg6+ 31. Bg5 h6 32. h4 hxg5 33. hxg5 Bd7+ 34. Kh4 Qh7+
0-1

[Event "Indywidualne Mistrzostwa Polski Juniorow do lat 18 - Chlopcy"]
[Site "Szklarska Poreba"]
[Date "1899-12-30"]
[Round "5.20"]
[White "Niemier, Hubert"]
[Black "Marczak, Szymon"]
[Result "1-0"]
[WhiteTitle "I"]
[BlackTitle "I++"]
[WhiteElo "1801"]
[BlackElo "1931"]

1. d4 f5 2. Bg5 d6 3. c4 g6 4. Nc3 Bg7 5. e3 Nf6 6. g3 c5 7. dxc5 Qa5 8. Bxf6 Bxf6
9. Nge2 Bxc3+ 10. Nxc3 Qxc5 11. Rc1 Be6 12. Bg2 Nc6 13. b3 Kf7 14. O-O Rhd8 15.
Qd2 Rd7 16. Rfd1 Rad8 17. e4 Qa5 18. Qh6 Kg8 19. Bh3 Rf8 20. Nd5 Ne5 21. Nf4 Nf7
22. Qh4 g5 23. Qh5 gxf4 24. exf5 Kh8 25. b4 Qe5 26. Re1 Bxc4 27. Rxe5 Nxe5 28.
Qh6 Rf6 29. Qxf4 b5 30. Qe4 Kg7 31. g4 Rh6 32. Rc3 Rc7 33. f4 Nc6 34. g5 Rh4 35.
f6+ exf6 36. gxf6+ Kf7 37. Qg2 Kf8 38. Rxc4 bxc4 39. Be6 Rf7 40. Bxf7 Kxf7 41.
Qg7+ Ke6 42. f7 Rxf4 43. Qh6+ 1-0

[Event "Indywidualne Mistrzostwa Polski Juniorow do lat 18 - Chlopcy"]
[Site "Szklarska Poreba"]
[Date "1899-12-30"]
[Round "5.21"]
[White "Iwanczuk, Krzysztof"]
[Black "Burzak, Wojciech"]
[Result "1-0"]
[WhiteTitle "I"]
[BlackTitle "I"]
[WhiteElo "1749"]
[BlackElo "1666"]

1. d4 Nf6 2. Bf4 g6 3. Nc3 Bg7 4. e4 d6 5. Qd2 c6 6. f3 b5 7. Bh6 Bxh6 8. Qxh6
Nbd7 9. O-O-O b4 10. Nb1 Qa5 11. Bc4 d5 12. Bb3 dxe4 13. Qg7 Rf8 14. Nd2 Ba6 15.
fxe4 e6 16. e5 Nd5 17. Ne4 Ne3 18. Nd6+ Ke7 19. Qh6 Nf5 20. Nxf5+ gxf5 21. Qh4+
Ke8 22. Nf3 Qd8 23. Qxh7 Be2 24. Rd2 Bxf3 25. gxf3 Qg5 26. h4 Qg3 27. Qh5 Ke7
28. Qg5+ Qxg5 29. hxg5 Nb6 30. Rh7 Rg8 31. f4 a5 32. a4 Rab8 33. Rdh2 Rg6 34.
c3 bxc3 35. bxc3 Nd5 36. Bxd5 cxd5 37. Rb2 Rxb2 38. Kxb2 Rg8 39. Kc2 Kf8 40. Kd3
Ke7 41. c4 dxc4+ 42. Kxc4 Rc8+ 43. Kb5 Rc3 44. g6 1-0

[Event "Indywidualne Mistrzostwa Polski Juniorow do lat 18 - Chlopcy"]
[Site "Szklarska Poreba"]
[Date "1899-12-30"]
[Round "5.22"]
[White "Goreczny, Tomasz"]
[Black "Kukorowski, Jan"]
[Result "0-1"]
[WhiteTitle "I"]
[BlackTitle "I+"]
[WhiteElo "1784"]
[BlackElo "1719"]

1. e4 c5 2. Nc3 Nc6 3. g3 g6 4. Bg2 Bg7 5. d3 Rb8 6. Be3 d6 7. Qd2 b5 8. f4 b4
9. Nd1 Bg4 10. Nf3 e6 11. O-O Nge7 12. c3 bxc3 13. bxc3 O-O 14. h3 Bxf3 15. Bxf3
Qa5 16. f5 exf5 17. exf5 Ne5 18. fxg6 Nxf3+ 19. Rxf3 fxg6 20. Rxf8+ Rxf8 21. Rc1
Be5 22. Qg2 Nf5 23. Bf4 Bxf4 24. Qd5+ Kg7 25. gxf4 Qd8 26. Rb1 Qh4 27. Rb7+ Kh8
28. Nf2 Qxf4 29. Qe4 Qg5+ 30. Qg2 Qc1+ 31. Qf1 Qxc3 32. Ne4 Qd4+ 33. Qf2 Qxd3
34. Ng5 Kg8 35. Rxh7 Qb1+ 36. Kh2 Rb8 37. Rxa7 Rb2 38. Ra8+ Kg7 39. Ra7+ Kh6 40.
h4 Rxf2+ 41. Kh3 Qh1+ 42. Kg4 Qxh4# 0-1

[Event "Indywidualne Mistrzostwa Polski Juniorow do lat 18 - Chlopcy"]
[Site "Szklarska Poreba"]
[Date "1899-12-30"]
[Round "6.1"]
[White "Pacan-milej, Kosma"]
[Black "Kozak, Antoni"]
[Result "1/2-1/2"]
[WhiteTitle "FM"]
[BlackTitle "k"]
[WhiteElo "2265"]
[BlackElo "2343"]

1. d4 Nf6 2. c4 e6 3. Nc3 Bb4 4. Qc2 O-O 5. a3 Bxc3+ 6. Qxc3 b6 7. Bg5 Bb7 8. e3
d6 9. Ne2 Nbd7 10. Qc2 h6 11. Bh4 c5 12. Rd1 d5 13. cxd5 exd5 14. Nc3 Rc8 15.
Be2 Qe7 16. O-O c4 17. Rde1 Qe6 18. Bd1 Ne4 19. f3 Nxc3 20. bxc3 f5 21. Qc1 Rf7
22. Bc2 Bc6 23. h3 Qd6 24. Qb1 Rcf8 25. Qb4 Qb8 26. Be7 Re8 27. Qd6 Rfxe7 28.
Qxc6 Nf6 29. Bxf5 Rxe3 30. Rxe3 Rxe3 31. Be6+ Kh8 32. Bxd5 Rxc3 33. Bxc4 b5 34.
Qxb5 Qf4 35. Bf7 Qxd4+ 36. Kh1 Rxa3 1/2-1/2

[Event "Indywidualne Mistrzostwa Polski Juniorow do lat 18 - Chlopcy"]
[Site "Szklarska Poreba"]
[Date "1899-12-30"]
[Round "6.2"]
[White "Oglaza, Oskar"]
[Black "Lukasiewicz, Krzysztof"]
[Result "1/2-1/2"]
[WhiteTitle "FM"]
[BlackTitle "k"]
[WhiteElo "2342"]
[BlackElo "2155"]

1. d4 d5 2. c4 e6 3. Nc3 Nf6 4. cxd5 exd5 5. Bg5 c6 6. Qc2 Be7 7. e3 Nbd7 8. Bd3
Nh5 9. Bxe7 Qxe7 10. Nge2 g6 11. O-O Ndf6 12. Rae1 O-O 13. Nc1 Ng7 14. f3 c5 15.
dxc5 Qxc5 16. Nb3 Qb6 17. Qf2 Bd7 18. e4 Qxf2+ 19. Rxf2 dxe4 20. Nxe4 Nxe4 21.
Bxe4 Rab8 22. Nc5 Bc8 23. Bd5 b6 24. Ne4 Ne6 25. f4 Nc7 26. Bb3 h6 27. Rc1 Ne6
28. f5 gxf5 29. Nd6 Nd4 30. Rc7 Nxb3 31. axb3 Be6 32. Nxf5 Rbd8 33. Nxh6+ Kh7
34. Rf6 Rd1+ 35. Kf2 Bxb3 36. Nf5 Rd2+ 37. Ke3 Rxg2 38. Rh6+ Kg8 39. Ne7+ Kg7
40. Nf5+ Kg8 41. Ne7+ Kg7 42. Nf5+ 1/2-1/2

[Event "Indywidualne Mistrzostwa Polski Juniorow do lat 18 - Chlopcy"]
[Site "Szklarska Poreba"]
[Date "1899-12-30"]
[Round "6.3"]
[White "Kosakowski, Jakub"]
[Black "Fus, Jakub"]
[Result "1-0"]
[WhiteTitle "FM"]
[BlackTitle "FM"]
[WhiteElo "2389"]
[BlackElo "2339"]

1. e4 e5 2. Nf3 Nc6 3. Bc4 Bc5 4. O-O Nf6 5. d3 a6 6. a4 h6 7. c3 Ba7 8. Re1 O-O
9. h3 d6 10. Nbd2 Re8 11. b4 Be6 12. Bxe6 Rxe6 13. Qc2 Qd7 14. Rb1 Ne7 15. c4
Ng6 16. Nf1 c6 17. b5 Bc5 18. Ng3 Ree8 19. Bd2 axb5 20. axb5 Kh7 21. Nf5 Ne7 22.
d4 Nxf5 23. dxc5 Ne7 24. cxd6 Qxd6 25. Nxe5 Qxe5 26. Bc3 Qf4 27. e5+ Ng6 28. exf6
gxf6 29. bxc6 bxc6 30. Bd2 Qd4 31. Be3 Qe4 32. Qxe4 Rxe4 33. Rb7 Ne5 34. c5 Kg6
35. Rc7 Ra2 36. Rd1 Nc4 37. Bd4 Rd2 38. Rxd2 Re1+ 39. Kh2 Nxd2 40. Kg3 Re6 41.
f3 Nb3 42. Bf2 Nc1 43. h4 Ne2+ 44. Kh2 f5 45. Rc8 f4 46. Be1 Kh5 47. Rc7 Kg6 48.
Rd7 Re5 49. Rd6+ Kh5 50. Rf6 Rxc5 51. Rxf7 Re5 52. Rf6 c5 53. Bd2 Kxh4 54. Bxf4
Nxf4 55. Rxf4+ Kg5 56. Rf8 Rd5 57. Kg3 c4 58. Rc8 Rd4 59. Kf2 Rd2+ 60. Ke3 Rc2
61. g4 Rc1 62. Rc5+ Kg6 63. Kf4 Rc3 64. Rc6+ Kh7 65. Ke4 Kg7 66. f4 Ra3 67. Rc7+
Kf6 68. Rc6+ Kg7 69. Kf5 Ra5+ 70. Ke6 Ra7 71. Rxc4 Ra6+ 72. Kd5 Ra1 73. Rc7+ Kf6
74. Rc6+ Kg7 75. Ke5 Ra5+ 76. Ke6 Ra4 77. Rc7+ Kg8 78. Kf5 Ra5+ 79. Kg6 Ra6+ 80.
Kh5 Ra4 81. f5 Ra6 82. Re7 Ra4 83. Re6 Kf7 84. Rxh6 Ra1 85. Rb6 Kg7 86. Kg5 Ra5
87. Rb7+ Kg8 88. Kg6 Ra6+ 89. f6 Ra8 90. Rg7+ Kh8 91. Rh7+ 1-0

[Event "Indywidualne Mistrzostwa Polski Juniorow do lat 18 - Chlopcy"]
[Site "Szklarska Poreba"]
[Date "1899-12-30"]
[Round "6.4"]
[White "Kokoszczynski, Jan"]
[Black "Chylewski, Patryk"]
[Result "0-1"]
[WhiteTitle "k"]
[BlackTitle "FM"]
[WhiteElo "2239"]
[BlackElo "2312"]

1. Nf3 Nf6 2. c4 c5 3. d4 cxd4 4. Nxd4 b6 5. Nc3 Bb7 6. Bg5 e6 7. e4 h6 8. Bxf6
Qxf6 9. Ndb5 Qe5 10. Qd2 a6 11. f4 Qc5 12. Nd4 Be7 13. O-O-O d6 14. Nb3 Qc7 15.
Kb1 Nd7 16. Bd3 O-O-O 17. Qe2 Nc5 18. Nxc5 dxc5 19. e5 Rd4 20. Be4 Rhd8 21. b3
Bxe4+ 22. Nxe4 g5 23. g3 gxf4 24. gxf4 Qc6 25. Rxd4 Rxd4 26. Re1 Bh4 27. Nd6+
Rxd6 28. exd6 Bxe1 29. Qxe1 Qxd6 30. Qh4 Qd1+ 31. Kb2 h5 32. Qg5 Kd7 33. h4 Qd2+
34. Kb1 Qd3+ 35. Kb2 Qg6 36. Qe5 Qg2+ 37. Ka3 Qh1 38. Qb8 Qxh4 39. Qb7+ Ke8 40.
Qc6+ Ke7 41. Qc7+ Ke8 42. Qc6+ Ke7 43. Qc7+ Kf8 44. Qxb6 Qe7 45. Qxa6 Qc7 46.
b4 cxb4+ 47. Kxb4 Qxf4 48. Qa8+ Kg7 49. Qg2+ Qg4 50. Qb2+ f6 51. a4 h4 52. a5
h3 53. a6 Qg1 54. Qa2 h2 55. a7 h1=Q 56. a8=Q Qb6+ 57. Kc3 Qh3+ 0-1

[Event "Indywidualne Mistrzostwa Polski Juniorow do lat 18 - Chlopcy"]
[Site "Szklarska Poreba"]
[Date "1899-12-30"]
[Round "6.5"]
[White "Godzwon, Iwo"]
[Black "Raczynski, Krzysztof"]
[Result "1/2-1/2"]
[WhiteTitle "FM"]
[BlackTitle "k+"]
[WhiteElo "2322"]
[BlackElo "2157"]

1. d4 Nf6 2. c4 g6 3. Nf3 Bg7 4. g3 O-O 5. Bg2 d6 6. O-O Nc6 7. Nc3 Bg4 8. d5 Na5
9. Nd2 c5 10. dxc6 Nxc6 11. b3 d5 12. Bb2 d4 13. Na4 e5 14. Nc5 Qc7 15. h3 Bf5
16. Nde4 Nxe4 17. Nxe4 Rad8 18. Qd2 Ne7 19. Ba3 Bc8 20. c5 f5 21. Nd6 e4 22. Rad1
Nc6 23. e3 Be6 24. exd4 Nxd4 25. Bb2 Nc6 26. Bxg7 Qxg7 27. Qe3 b6 28. cxb6 Qe5
29. f4 exf3 30. Qxe5 Nxe5 31. Rfe1 Nf7 32. Rxe6 fxg2 33. bxa7 Rd7 34. Kxg2 Rxa7
35. Rd2 Ra6 36. Rf6 Rd8 37. Rxf7 Rdxd6 38. Rxd6 Rxa2+ 39. Kf3 Kxf7 40. Rd7+ Kf6
41. Rxh7 Rb2 42. Rb7 g5 43. Rb6+ Ke5 44. Rb5+ Kf6 45. g4 f4 46. Rb6+ Ke5 47. Rb5+
Kf6 48. h4 gxh4 49. Kxf4 h3 50. Rb6+ Kf7 51. Kg5 h2 52. Rb7+ Kf8 53. Rb8+ Kg7
54. Rb7+ Kf8 55. Rh7 Kg8 56. Rh3 Kg7 57. b4 Rxb4 58. Rxh2 Rb5+ 59. Kh4 Kg6 60.
Ra2 Rb6 61. Ra5 1/2-1/2

[Event "Indywidualne Mistrzostwa Polski Juniorow do lat 18 - Chlopcy"]
[Site "Szklarska Poreba"]
[Date "1899-12-30"]
[Round "6.6"]
[White "Psyk, Radoslaw"]
[Black "Polczyk, Mikolaj"]
[Result "1-0"]
[WhiteTitle "k++"]
[BlackTitle "k"]
[WhiteElo "2315"]
[BlackElo "2131"]

1. e4 e6 2. d4 d5 3. Nd2 c5 4. exd5 Qxd5 5. Ngf3 cxd4 6. Bc4 Qd7 7. O-O Nc6 8.
Nb3 Nf6 9. Nbxd4 Nxd4 10. Nxd4 a6 11. Bb3 Qc7 12. Re1 Bd6 13. h3 O-O 14. Bg5 Be5
15. c3 h6 16. Nf3 Bxc3 17. Rc1 Qd7 18. Rxc3 Qxd1 19. Rxd1 hxg5 20. Rc7 Nd5 21.
Bxd5 exd5 22. Nxg5 b5 23. a3 f6 24. Nf3 Be6 25. Nd4 Bf7 26. Nf5 Rfd8 27. Rd4 Kf8
28. Rh4 Kg8 29. Ne7+ 1-0

[Event "Indywidualne Mistrzostwa Polski Juniorow do lat 18 - Chlopcy"]
[Site "Szklarska Poreba"]
[Date "1899-12-30"]
[Round "6.7"]
[White "Szpar, Milosz"]
[Black "Brozyna, Mateusz"]
[Result "0-1"]
[WhiteTitle "FM"]
[BlackTitle "k"]
[WhiteElo "2311"]
[BlackElo "2180"]

1. e4 e5 2. Nf3 Nc6 3. Bb5 a6 4. Ba4 Nf6 5. O-O Be7 6. Re1 b5 7. Bb3 d6 8. c3 O-O
9. d4 Bg4 10. Be3 exd4 11. cxd4 Na5 12. Bc2 c5 13. h3 Bh5 14. Nbd2 cxd4 15. Bxd4
Nc6 16. Nb3 Rc8 17. Re3 Nd7 18. g4 Bg6 19. a3 Nde5 20. Bc3 Nxf3+ 21. Qxf3 Ne5
22. Qg3 Nc4 23. Re2 Bh4 24. Qd3 Ne5 25. Qe3 Nc4 26. Qf4 Bg5 27. Qg3 Bh4 28. Qh2
Ne5 29. Kg2 h6 30. Nd4 Nc4 31. f4 Bf6 32. Qg1 Bh7 33. Nf3 Nxb2 34. Bxf6 gxf6 35.
Qd4 Nc4 36. Kh2 Re8 37. Rg2 Qb6 38. Qxf6 Re6 39. Qd4 Bxe4 40. Bxe4 Qxd4 41. Nxd4
Rxe4 42. Nf5 Kh7 43. Kg3 d5 44. Kf3 Rce8 45. g5 h5 46. Ng3 Re3+ 47. Kf2 h4 48.
Nh5 Kg6 49. Nf6 Re2+ 50. Kg1 Re1+ 51. Rxe1 Rxe1+ 52. Kf2 Rd1 53. Rg4 d4 54. Ke2
Nb2 55. Rg2 d3+ 56. Kf3 Nc4 57. Ne4 Kf5 58. g6 Rf1+ 0-1

[Event "Indywidualne Mistrzostwa Polski Juniorow do lat 18 - Chlopcy"]
[Site "Szklarska Poreba"]
[Date "1899-12-30"]
[Round "6.8"]
[White "Leskiewicz, Ignacy"]
[Black "Kowalski, Igor"]
[Result "1/2-1/2"]
[WhiteTitle "I++"]
[BlackTitle "FM"]
[WhiteElo "2192"]
[BlackElo "2308"]

1. e4 e5 2. Nf3 Nc6 3. Bb5 a6 4. Ba4 Nf6 5. O-O b5 6. Bb3 Bc5 7. a4 Rb8 8. c3 d6
9. d4 Bb6 10. h3 O-O 11. axb5 axb5 12. Re1 h6 13. Na3 Ba6 14. Nc2 Bb7 15. d5 Ne7
16. Nh4 Ng6 17. Nf5 Nh7 18. Qg4 Qf6 19. Nb4 Ra8 20. Bd2 Kh8 21. Qe2 Nh4 22. Bc2
Nxf5 23. exf5 Qh4 24. Be3 Bxe3 25. fxe3 Qg3 26. Qf2 Qg5 27. Bd3 g6 28. Bxb5 gxf5
29. Rxa8 Rxa8 30. Bd7 Bc8 31. Bc6 Ra5 32. Nd3 Nf6 33. b4 Ne4 34. Qb2 Ra7 35. c4
Qg3 36. Re2 Kh7 37. Ne1 Bb7 38. b5 Bc8 39. Nf3 Nc5 40. Qb1 Ra3 41. Qe1 Qxe1+ 42.
Rxe1 Kg6 43. Nd2 Kf6 44. Nf1 Ke7 45. Rc1 Bd7 46. Bxd7 Kxd7 47. Ng3 f4 48. Nf5
Nd3 49. Rc2 h5 50. exf4 exf4 51. Re2 Ne5 52. c5 f6 53. c6+ 1/2-1/2

[Event "Indywidualne Mistrzostwa Polski Juniorow do lat 18 - Chlopcy"]
[Site "Szklarska Poreba"]
[Date "1899-12-30"]
[Round "6.9"]
[White "Golenia, Jan"]
[Black "Nowak, Mikolaj"]
[Result "1/2-1/2"]
[WhiteTitle "I++"]
[BlackTitle "I++"]
[WhiteElo "2041"]
[BlackElo "2254"]

1. d4 d6 2. c4 e5 3. e3 Nc6 4. Nc3 g6 5. Nf3 Bg7 6. Be2 f5 7. b3 e4 8. Nd2 Nf6
9. b4 O-O 10. Qb3 Ne7 11. Bb2 Be6 12. h4 d5 13. g3 dxc4 14. Nxc4 c6 15. Qc2 Ned5
16. a3 Rc8 17. Na4 b6 18. Ne5 Ne7 19. Rc1 Nd7 20. Bc4 Nd5 21. Nxd7 Qxd7 22. Rd1
Qf7 23. Be2 h6 24. Qb1 Bf6 25. Nc3 Kg7 26. Rc1 Rh8 27. Kd2 Ne7 28. Na4 Rhd8 29.
Ke1 Ba2 30. Qa1 Bb3 31. Nc3 b5 32. Bd1 Bxd1 33. Rxd1 Nd5 34. Rc1 Nb6 35. Ne2 Nc4
36. Bc3 g5 37. d5 gxh4 38. Nf4 Bxc3+ 39. Qxc3+ Kh7 40. Rxh4 cxd5 41. Ke2 d4 42.
exd4 Nd6 43. Qd2 Rxc1 44. Qxc1 Rc8 45. Qd2 Qc4+ 46. Ke1 Qc1+ 47. Qxc1 Rxc1+ 48.
Ke2 Rc2+ 49. Ke1 Rc3 50. g4 fxg4 51. Rxg4 Rxa3 52. Nh5 Ne8 53. Rxe4 Kg6 54. Rxe8
Kxh5 55. Re5+ Kg4 56. Rxb5 h5 57. Ra5 Rb3 58. Rxa7 Rxb4 59. Rg7+ Kf4 60. d5 Rd4
61. Rd7 Ke5 62. d6 Rxd6 63. Rh7 Kf4 64. Rxh5 Ra6 65. Rh8 Ra1+ 66. Ke2 Ra2+ 67.
Kf1 Ra3 68. Rh4+ Kg5 69. Rb4 Kf5 70. Kg2 Rc3 71. f3 Rc5 72. Kg3 Ra5 73. Rb8 Ra4
74. Rb5+ Kf6 75. Rb8 Kg5 76. f4+ Kf6 77. Kg4 Ra6 78. Rh8 Ra5 79. Rh6+ Kg7 80.
Rb6 Kf7 81. Kf3 1/2-1/2

[Event "Indywidualne Mistrzostwa Polski Juniorow do lat 18 - Chlopcy"]
[Site "Szklarska Poreba"]
[Date "1899-12-30"]
[Round "6.10"]
[White "Jordan, Adam"]
[Black "Sernecki, Franciszek"]
[Result "1/2-1/2"]
[WhiteTitle "I"]
[BlackTitle "I++"]
[WhiteElo "1842"]
[BlackElo "2334"]

1. d4 Nf6 2. Nf3 c5 3. e3 d5 4. c4 cxd4 5. exd4 g6 6. Nc3 Bg7 7. Be3 O-O 8. Be2
Nc6 9. O-O dxc4 10. h3 Na5 11. Rc1 Be6 12. Ng5 Bf5 13. g4 Bd7 14. d5 b5 15. Re1
Nb7 16. Bd4 Nd6 17. Bf3 Bh6 18. Be3 Bg7 19. Bd4 a6 20. Nce4 Nfxe4 21. Nxe4 Nxe4
22. Rxe4 Bxd4 23. Qxd4 Rb8 24. Rd1 Re8 25. Re3 Qb6 26. Qd2 Qd6 27. a3 Ra8 28.
Qa5 Rac8 29. Qc3 Rc5 30. h4 Qf4 31. Re4 Qd6 32. h5 f6 33. Re3 Rcc8 34. hxg6 hxg6
35. Rde1 b4 36. Qxb4 Qxb4 37. axb4 Kf7 38. Rc3 Bb5 39. Rec1 Rb8 40. Be2 Red8 41.
Rd1 1/2-1/2

[Event "Indywidualne Mistrzostwa Polski Juniorow do lat 18 - Chlopcy"]
[Site "Szklarska Poreba"]
[Date "1899-12-30"]
[Round "6.11"]
[White "Dzwierzynski, Bartosz"]
[Black "Wyczling, Bartosz"]
[Result "0-1"]
[WhiteTitle "I"]
[BlackTitle "k"]
[WhiteElo "1942"]
[BlackElo "2215"]

1. d4 f5 2. Nc3 d5 3. Bg5 g6 4. h4 Bg7 5. h5 h6 6. Bf4 g5 7. Bh2 a6 8. e3 Be6 9.
Nf3 Nd7 10. Bd3 Ngf6 11. Ne5 O-O 12. Nxd7 Nxd7 13. Qf3 c5 14. O-O c4 15. Be2 Nf6
16. Be5 g4 17. Qf4 Nxh5 18. Qh2 Nf6 19. Na4 Nd7 20. Bxg7 Kxg7 21. f3 b5 22. Nc5
Nxc5 23. Qe5+ Rf6 24. dxc5 Qb8 25. Qd4 h5 26. a4 bxa4 27. Rxa4 Bf7 28. f4 Kg6
29. Rfa1 Rc6 30. Kf2 Qc8 31. b4 cxb3 32. cxb3 Rxc5 33. Rxa6+ Rxa6 34. Rxa6+ e6
35. b4 Rc2 36. Ra7 g3+ 37. Ke1 Rc1+ 38. Bd1 Qc2 39. e4 Rxd1+ 0-1

[Event "Indywidualne Mistrzostwa Polski Juniorow do lat 18 - Chlopcy"]
[Site "Szklarska Poreba"]
[Date "1899-12-30"]
[Round "6.12"]
[White "Pytel, Maciej"]
[Black "Wierzbicki, Michal"]
[Result "1-0"]
[WhiteTitle "k"]
[BlackTitle "I+"]
[WhiteElo "2165"]
[BlackElo "1919"]

1. e4 e6 2. b3 d5 3. Bb2 dxe4 4. Nc3 f5 5. f3 exf3 6. Qxf3 Nf6 7. Bc4 Nc6 8. O-O-O
Ne5 9. Qe2 Nxc4 10. Qxc4 c6 11. Nf3 Be7 12. h3 Qd6 13. g4 b5 14. Qe2 O-O 15. Rde1
Re8 16. Rhg1 Bf8 17. Nb1 Ne4 18. d3 Qf4+ 19. Kd1 Ng5 20. Nxg5 Qxg5 21. gxf5 Qxf5
22. Ref1 Qd5 23. Nc3 Qd8 24. Ne4 e5 25. Nf6+ Kh8 26. Nxe8 Qxe8 27. Qxe5 Qxe5 28.
Rxf8# 1-0

[Event "Indywidualne Mistrzostwa Polski Juniorow do lat 18 - Chlopcy"]
[Site "Szklarska Poreba"]
[Date "1899-12-30"]
[Round "6.13"]
[White "Garbowski, Jakub"]
[Black "Szydelko, Michal"]
[Result "1-0"]
[WhiteTitle "k"]
[BlackTitle "I"]
[WhiteElo "2151"]
[BlackElo "1764"]

1. e4 e5 2. Nf3 Nf6 3. Nxe5 d6 4. Nf3 Nxe4 5. d4 d5 6. Bd3 Be7 7. O-O O-O 8. Re1
Nf6 9. Nbd2 Bg4 10. Nf1 Nc6 11. c3 Re8 12. h3 Bh5 13. Ng3 Bg6 14. Ne5 Bd6 15.
Bf4 Ne7 16. Bg5 Nd7 17. Bxg6 hxg6 18. Qg4 Bxe5 19. dxe5 Nc5 20. Rad1 Ne6 21. h4
c6 22. Ne4 Qc7 23. Nd6 Rf8 24. h5 Nxg5 25. Qxg5 Nc8 26. Nxc8 Raxc8 27. hxg6 fxg6
28. Qxg6 Rce8 29. Qh5 Re6 30. Re3 Rh6 31. Qg4 Qe7 32. Rd4 Re6 33. Rf4 Rxe5 34.
Rxf8+ Kxf8 35. Qf4+ 1-0

[Event "Indywidualne Mistrzostwa Polski Juniorow do lat 18 - Chlopcy"]
[Site "Szklarska Poreba"]
[Date "1899-12-30"]
[Round "6.14"]
[White "Woloch, Oskar"]
[Black "Jarzebowski, Kacper"]
[Result "1-0"]
[WhiteTitle "k"]
[BlackTitle "I++"]
[WhiteElo "2032"]
[BlackElo "2079"]

1. d4 Nf6 2. Nc3 d5 3. Bf4 a6 4. e3 e6 5. a3 c5 6. Nf3 b5 7. dxc5 Bxc5 8. Bd3 Bb7
9. O-O Nbd7 10. Qe2 O-O 11. e4 dxe4 12. Nxe4 Nxe4 13. Bxe4 Bxe4 14. Qxe4 Nf6 15.
Qe2 Nd5 16. Bg3 Rc8 17. a4 Qb6 18. c3 Rfd8 19. Rfd1 h6 20. h3 Be7 21. axb5 axb5
22. Nd4 Rc4 23. Be5 Bc5 24. Nb3 f6 25. Nxc5 Qxc5 26. b3 fxe5 27. bxc4 bxc4 28.
Qxe5 Qd6 29. Qxd6 Rxd6 30. Ra8+ Kf7 31. Rc8 Rb6 32. Rxc4 Rb3 33. Rc1 e5 34. g3
1-0

[Event "Indywidualne Mistrzostwa Polski Juniorow do lat 18 - Chlopcy"]
[Site "Szklarska Poreba"]
[Date "1899-12-30"]
[Round "6.15"]
[White "Lis, Mateusz"]
[Black "Kukula, Karol"]
[Result "1/2-1/2"]
[WhiteTitle "k"]
[BlackTitle "I"]
[WhiteElo "2156"]
[BlackElo "1785"]

1. e4 d5 2. exd5 Qxd5 3. Nc3 Qd8 4. d4 Nf6 5. Nf3 g6 6. g3 Bg7 7. Bg2 O-O 8. O-O
Nc6 9. h3 Be6 10. Be3 Nd5 11. Ne2 Nxe3 12. fxe3 Bc4 13. Nd2 Bxe2 14. Qxe2 e5 15.
d5 Ne7 16. c4 Nf5 17. Ne4 Nd6 18. Nxd6 Qxd6 19. e4 f5 20. Rae1 Rae8 21. Qc2 Qc5+
22. Kh1 fxe4 23. Bxe4 Rxf1+ 24. Rxf1 Rf8 25. Rxf8+ Bxf8 26. h4 Qe3 27. Kg2 Bc5
28. Kh3 Kg7 29. b3 b6 30. Bg2 a5 31. Be4 Bd4 32. Qg2 Kg8 1/2-1/2